[Event "Baku Open 2013"]
[Site "Baku AZE"]
[Date "2013.09.22"]
[Round "4.2"]
[White "Smirnov, Pavel"]
[Black "Alekseev, Evgeny"]
[Result "1/2-1/2"]
[WhiteTitle "GM"]
[BlackTitle "GM"]
[WhiteElo "2627"]
[BlackElo "2710"]
[WhiteFideId "4123425"]
[BlackFideId "4138147"]
[EventDate "2013.09.19"]

1. d4 Nf6 2. c4 e6 3. Nc3 Bb4 4. Qc2 O-O 5. Nf3 c5 6. dxc5 Na6 7. g3 Nxc5 8. Bg2
b6 9. O-O Bxc3 10. Qxc3 Bb7 11. b3 Qe7 12. Bb2 Rfd8 13. Rad1 Rac8 14. Qe3 d6 15.
Nd4 Bxg2 16. Kxg2 Qb7+ 17. Qf3 Qxf3+ 18. Nxf3 Ne8 19. Nd4 a6 20. f3 d5 21. cxd5
Rxd5 22. Rc1 Rc7 23. b4 Na4 24. Ba1 Rdd7 25. Kf2 1/2-1/2

[Event "Baku Open 2013"]
[Site "Baku AZE"]
[Date "2013.09.22"]
[Round "4.4"]
[White "Jumabayev, Rinat"]
[Black "Efimenko, Zahar"]
[Result "1/2-1/2"]
[WhiteTitle "GM"]
[BlackTitle "GM"]
[WhiteElo "2562"]
[BlackElo "2661"]
[WhiteFideId "13702661"]
[BlackFideId "14107201"]
[EventDate "2013.09.19"]

1. d4 Nf6 2. c4 g6 3. Nf3 Bg7 4. g3 O-O 5. Bg2 d5 6. O-O dxc4 7. Na3 c3 8. bxc3
c5 9. Nc4 Nc6 10. Nfe5 Be6 11. Bb2 Nxe5 12. Nxe5 Bd5 13. Bxd5 Qxd5 14. Qb3 Qe4
15. e3 Rac8 16. c4 Ng4 17. Nxg4 Qxg4 18. d5 Bxb2 19. Qxb2 Qxc4 20. Qxb7 Rfd8 21.
Rfd1 Kf8 22. Qb2 f6 23. Rac1 Qb4 24. Qe2 Rb8 25. e4 Qa3 26. Rc2 Rb6 27. Rd3 Rb1+
28. Kg2 Qb4 29. Rdc3 Ra1 30. Qe3 Qb1 31. Rc1 Qxa2 32. R3c2 Qa6 33. Rxa1 Qxa1 34.
Rxc5 Qe5 35. Rc6 Kf7 36. Ra6 Rd7 37. Re6 Qb8 38. Rc6 a5 39. Qc5 Qe5 40. Re6 Qc7
41. Rc6 Qe5 42. Qc4 Rb7 43. Re6 Qc7 44. Rc6 Qe5 45. Re6 Qc7 46. Qa2 Kg7 47. Qa4
Kf7 48. e5 Rb4 49. Qd1 fxe5 50. Qf3+ Kg7 51. d6 exd6 52. Qf6+ Kh6 53. f4 Qc6+
54. Kh3 Rxf4 55. gxf4 Qf3+ 56. Kh4 Qf2+ 57. Kh3 Qf3+ 58. Kh4 Qf2+ 59. Kh3 1/2-1/2

[Event "Baku Open 2013"]
[Site "Baku AZE"]
[Date "2013.09.22"]
[Round "4.5"]
[White "Sutovsky, Emil"]
[Black "Iordachescu, Viorel"]
[Result "1/2-1/2"]
[WhiteTitle "GM"]
[BlackTitle "GM"]
[WhiteElo "2660"]
[BlackElo "2609"]
[WhiteFideId "2802007"]
[BlackFideId "13900200"]
[EventDate "2013.09.19"]

1. e4 e5 2. Nf3 Nc6 3. Bb5 a6 4. Ba4 Nf6 5. O-O Be7 6. Re1 b5 7. Bb3 d6 8. c3
O-O 9. d4 Bg4 10. Be3 Bh5 11. Nbd2 Na5 12. Bc2 Ng4 13. Nf1 Nxe3 14. Nxe3 Bg5 15.
Nf1 Nc4 16. b3 Nb6 17. Ng3 Bxf3 18. Qxf3 g6 19. Red1 1/2-1/2

[Event "Baku Open 2013"]
[Site "Baku AZE"]
[Date "2013.09.22"]
[Round "4.8"]
[White "Ghaem Maghami, Ehsan"]
[Black "Khismatullin, Denis"]
[Result "1/2-1/2"]
[WhiteTitle "GM"]
[BlackTitle "GM"]
[WhiteElo "2549"]
[BlackElo "2661"]
[WhiteFideId "12500739"]
[BlackFideId "4142578"]
[EventDate "2013.09.19"]

1. Nf3 Nf6 2. c4 b6 3. g3 Bb7 4. d4 g6 5. Bg2 Bg7 6. O-O O-O 7. Re1 c5 8. d5 b5
9. e4 bxc4 10. Nbd2 d6 11. Nxc4 Ba6 12. Bf1 Nfd7 13. Rb1 Nb6 14. b3 N8d7 15. Bf4
Bxc4 16. bxc4 Qc7 17. Qc2 Rab8 18. Bh3 Nf6 19. Rb3 Nh5 20. Bg5 h6 21. Bd2 Nd7
22. Bc3 Rxb3 23. axb3 Rb8 24. Bg4 Nhf6 1/2-1/2

[Event "Baku Open 2013"]
[Site "Baku AZE"]
[Date "2013.09.22"]
[Round "4.10"]
[White "Izzat, Kanan"]
[Black "Shimanov, Aleksandr"]
[Result "1-0"]
[WhiteTitle "FM"]
[BlackTitle "GM"]
[WhiteElo "2347"]
[BlackElo "2655"]
[WhiteFideId "13405209"]
[BlackFideId "4198603"]
[EventDate "2013.09.19"]

1. d4 Nf6 2. c4 e6 3. Nc3 c5 4. e3 cxd4 5. exd4 d5 6. Nf3 Bb4 7. Bd3 dxc4 8.
Bxc4 O-O 9. O-O b6 10. Qe2 Nc6 11. Rd1 Na5 12. Bd3 Bb7 13. Bg5 Be7 14. Ne5 Rc8
15. Rac1 Nd5 16. Qh5 f5 17. Bxe7 Qxe7 18. Nxd5 Bxd5 19. b3 Rxc1 20. Rxc1 Qb4 21.
Nd7 Ra8 22. Nf6+ 1-0

[Event "Baku Open 2013"]
[Site "Baku AZE"]
[Date "2013.09.22"]
[Round "4.11"]
[White "Mamedov, Rauf"]
[Black "Shanava, Konstantine"]
[Result "1-0"]
[WhiteTitle "GM"]
[BlackTitle "GM"]
[WhiteElo "2641"]
[BlackElo "2567"]
[WhiteFideId "13401653"]
[BlackFideId "13601784"]
[EventDate "2013.09.19"]

1. e4 Nf6 2. e5 Nd5 3. Nf3 d6 4. d4 dxe5 5. Nxe5 c6 6. Bd3 Nd7 7. Nf3 g6 8. O-O
Bg7 9. c4 Nb4 10. Be2 O-O 11. a3 Na6 12. Nc3 Nb6 13. h3 Nc7 14. Be3 Bf5 15. Rc1
Nc8 16. Qb3 Nd6 17. a4 Be6 18. d5 cxd5 19. cxd5 Bd7 20. Rfd1 b5 21. axb5 Ncxb5
22. Qa2 Rb8 23. Bf4 Rc8 24. Ne5 g5 25. Bh2 Bxe5 26. Bxe5 f6 27. Bxd6 Nxd6 28.
Qxa7 Rb8 29. Rd2 Rb7 30. Qe3 Rb4 31. Bd3 Rf7 32. Ne4 Qb8 33. Nc5 Bc8 34. b3 Qa7
35. Rdc2 Rb8 36. b4 Rxb4 37. Na6 Qxe3 38. Rxc8+ Nxc8 39. Rxc8+ Rf8 40. Rxf8+
Kxf8 41. fxe3 Rb3 42. Bxh7 Rxe3 43. Nc5 Ra3 44. Be4 Kf7 45. Bf5 Ra5 46. Be6+ Kg6
47. Ne4 Ra3 48. Kh2 f5 49. Ng3 f4 50. Nf5 Kf6 51. Nd4 Rd3 52. Nf3 Rd1 53. g4
fxg3+ 54. Kxg3 Ra1 55. Kg4 Ra2 56. Kh5 Rg2 57. Bg4 Re2 58. Kh6 1-0

[Event "Baku Open 2013"]
[Site "Baku AZE"]
[Date "2013.09.22"]
[Round "4.12"]
[White "Mchedlishvili, Mikheil"]
[Black "Artemiev, Vladislav"]
[Result "1-0"]
[WhiteTitle "GM"]
[BlackTitle "IM"]
[WhiteElo "2633"]
[BlackElo "2560"]
[WhiteFideId "13600966"]
[BlackFideId "24101605"]
[EventDate "2013.09.19"]

1. Nf3 Nf6 2. c4 g6 3. Nc3 d5 4. d4 Bg7 5. cxd5 Nxd5 6. e4 Nxc3 7. bxc3 c5 8.
Be3 Bg4 9. Rc1 Qa5 10. Qd2 Nc6 11. d5 Rd8 12. Be2 O-O 13. O-O e6 14. Rfd1 exd5
15. exd5 Ne7 16. d6 Nf5 17. Bf4 Rd7 18. h3 Bxf3 19. Bxf3 c4 20. Qd5 Qxa2 21. Bg4
Rfd8 22. Bxf5 gxf5 23. Qxf5 Qe2 24. Re1 Qd3 25. Re4 Rxd6 26. Bxd6 Rxd6 27. Re8+
Bf8 28. Qc8 1-0

[Event "Baku Open 2013"]
[Site "Baku AZE"]
[Date "2013.09.22"]
[Round "4.14"]
[White "Solak, Dragan"]
[Black "Khalafova, Narmin"]
[Result "1-0"]
[WhiteTitle "GM"]
[BlackTitle "WFM"]
[WhiteElo "2615"]
[BlackElo "2131"]
[WhiteFideId "916811"]
[BlackFideId "13402625"]
[EventDate "2013.09.19"]

1. d4 d5 2. Bf4 Nf6 3. e3 g6 4. c4 c6 5. Nc3 a6 6. Nf3 Bg7 7. h3 O-O 8. Rc1 c5
9. dxc5 Qa5 10. cxd5 Rd8 11. Bc4 Qxc5 12. Bb3 b5 13. O-O Bb7 14. e4 Qb4 15. Bc7
Rc8 16. a3 Qc5 17. d6 exd6 18. Nd5 Nxd5 19. Rxc5 dxc5 20. Bxb8 Raxb8 21. Bxd5
Bxd5 22. Qxd5 Bxb2 23. e5 1-0

[Event "Baku Open 2013"]
[Site "Baku AZE"]
[Date "2013.09.22"]
[Round "4.16"]
[White "Kotronias, Vasilios"]
[Black "Anurag, Mhamal"]
[Result "1/2-1/2"]
[WhiteTitle "GM"]
[BlackTitle "FM"]
[WhiteElo "2579"]
[BlackElo "2426"]
[WhiteFideId "5900212"]
[BlackFideId "5024366"]
[EventDate "2013.09.19"]

1. e4 e5 2. Nf3 Nc6 3. Bb5 Nf6 4. d3 d6 5. c3 Bd7 6. O-O g6 7. Re1 Bg7 8. d4 O-O
9. d5 Nb8 10. Bxd7 Nbxd7 11. c4 Qe7 12. Nc3 c6 13. Bg5 h6 14. Be3 Rfc8 15. Nd2
h5 16. h3 Qf8 17. dxc6 bxc6 18. Nf3 Qe7 19. Ng5 Nc5 20. b4 Ne6 21. Nxe6 Qxe6 22.
Qb3 a5 23. bxa5 Rxa5 24. Red1 Rca8 25. a4 Nd7 26. Qb7 R5a6 27. Rab1 Bf8 28. Qc7
Nf6 29. c5 d5 30. exd5 cxd5 31. Rb6 Rxb6 32. cxb6 Rc8 33. Nxd5 Nxd5 34. Rxd5
Rxc7 35. bxc7 Qc6 36. Bb6 Qxd5 37. c8=Q Qd1+ 38. Kh2 Qxa4 39. Bc5 Qf4+ 40. g3
Qh6 41. h4 Qg7 42. Qe8 Qh6 43. Kg2 Qg7 44. Kf1 Qh6 45. Ke2 Qg7 46. Kd3 Qh6 47.
f3 Qg7 48. Kc4 Qh6 49. Kd5 Qg7 50. Ke4 Qh6 51. Kd3 Qg7 52. Kc2 Qh6 53. Ba3 Qg7
54. Bb4 Qh6 55. Bc5 Qg7 56. Ba3 Qh6 57. g4 hxg4 58. fxg4 Qg7 59. g5 e4 60. Bb2
Qh7 61. Qxe4 1/2-1/2

[Event "Baku Open 2013"]
[Site "Baku AZE"]
[Date "2013.09.22"]
[Round "4.17"]
[White "Mammadov, Zaur"]
[Black "Azarov, Sergei"]
[Result "0-1"]
[WhiteTitle "IM"]
[BlackTitle "GM"]
[WhiteElo "2436"]
[BlackElo "2636"]
[WhiteFideId "13401033"]
[BlackFideId "13501470"]
[EventDate "2013.09.19"]

1. e4 d5 2. exd5 Qxd5 3. Nc3 Qa5 4. d4 Nf6 5. Bc4 Bg4 6. f3 Bf5 7. Ne2 Nbd7 8.
O-O e6 9. Bd2 c6 10. Nd5 Qd8 11. Ne3 Bg6 12. Bb3 Bd6 13. Nc4 Be7 14. Qe1 Nd5 15.
Nf4 Nxf4 16. Bxf4 Nb6 17. Nxb6 Qxb6 18. c3 O-O 19. Qf2 Rfd8 20. Rad1 Rd7 21.
Rfe1 Rad8 22. Be3 Qc7 23. g3 b5 24. Kg2 Qb7 25. a3 a5 26. Rd2 c5 27. dxc5 Rxd2
28. Bxd2 a4 29. Bd1 Bxc5 30. Be3 Bxe3 31. Qxe3 Bd3 32. Kg1 Bc4 33. Bc2 Bb3 34.
Bxb3 axb3 35. Kf2 Rd5 36. Re2 Qd7 37. Qe4 h6 38. Kg2 Rd2 39. Qe3 Rc2 40. Kf1
Qd1+ 41. Re1 Qd5 42. Re2 f5 43. Ke1 e5 44. Qxe5 Qxf3 45. Qxb5 Kh7 46. a4 h5 47.
Qc4 Qh1+ 48. Kf2 Qxh2+ 49. Kf3 Qh1+ 50. Ke3 Qg1+ 51. Kd3 Qf1 52. Ke3 Rxb2 0-1

[Event "Baku Open 2013"]
[Site "Baku AZE"]
[Date "2013.09.22"]
[Round "4.18"]
[White "Ahmadinia, Ebrahim"]
[Black "Goganov, Aleksey"]
[Result "0-1"]
[WhiteTitle "IM"]
[BlackTitle "IM"]
[WhiteElo "2381"]
[BlackElo "2577"]
[WhiteFideId "12501891"]
[BlackFideId "24109959"]
[EventDate "2013.09.19"]

1. c4 g6 2. Nc3 Bg7 3. g3 c5 4. Bg2 Nc6 5. Nf3 e6 6. d3 Nge7 7. Bg5 h6 8. Bd2
O-O 9. a3 d5 10. Rb1 a5 11. O-O b6 12. Nb5 Bb7 13. Qc1 Kh7 14. Rd1 Qd7 15. Bc3
e5 16. e3 d4 17. Be1 a4 18. b4 axb3 19. Rxb3 f5 20. exd4 cxd4 21. c5 e4 22. dxe4
fxe4 23. Nd2 Na5 24. Rb4 Nd5 25. Rb1 Bc6 26. a4 Bxb5 27. axb5 Nc3 28. Kh1 Qg4
29. cxb6 e3 30. f3 Qe6 31. Ne4 Nxe4 32. fxe4 e2 33. Bb4 exd1=Q+ 34. Qxd1 Qxb6
35. e5 Nc4 36. Be4 Nxe5 0-1

[Event "Baku Open 2013"]
[Site "Baku AZE"]
[Date "2013.09.22"]
[Round "4.19"]
[White "Durarbayli, Vasif"]
[Black "Noroozi, Omid"]
[Result "1/2-1/2"]
[WhiteTitle "GM"]
[WhiteElo "2567"]
[BlackElo "2385"]
[WhiteFideId "13402935"]
[BlackFideId "12501190"]
[EventDate "2013.09.19"]

1. e4 c5 2. Nf3 d6 3. d4 cxd4 4. Nxd4 Nf6 5. Nc3 a6 6. Be2 e5 7. Nb3 Be7 8. O-O
O-O 9. Re1 Be6 10. Bf3 Nbd7 11. a4 Nb6 12. Nd2 Rc8 13. Nf1 d5 14. exd5 Nbxd5 15.
Nxd5 Nxd5 16. c3 Qd6 17. Qe2 f6 18. Rd1 Qc5 19. Be3 Nxe3 20. Nxe3 Rb8 21. Bd5
Bxd5 22. Nxd5 Rf7 23. a5 Bf8 24. b4 Qc8 25. c4 Qe6 26. c5 Re8 27. Nb6 f5 28. Qc4
e4 29. Qxe6 Rxe6 30. Rd8 f4 31. Nd7 g5 32. Rd1 e3 33. f3 Kg7 34. Nxf8 Rxf8 35.
R1d7+ Kg6 36. Kf1 Rxd8 37. Rxd8 Re7 38. Ke2 h5 39. Rd6+ Kf5 40. g3 Ke5 41. Rh6
Kd4 42. Rd6+ Kc4 43. gxf4 gxf4 44. c6 bxc6 45. Rxc6+ Kxb4 46. Rxa6 Rd7 47. Rf6
Rd2+ 48. Ke1 Rxh2 49. Rxf4+ Kxa5 50. Re4 Kb5 51. Rxe3 Kc4 52. Kf1 Kd5 53. Re8
Ra2 54. Rh8 Ke5 1/2-1/2

[Event "Baku Open 2013"]
[Site "Baku AZE"]
[Date "2013.09.22"]
[Round "4.20"]
[White "Rogozenco, Dorian"]
[Black "Aliakbarov, Anar"]
[Result "1-0"]
[WhiteTitle "GM"]
[WhiteElo "2515"]
[BlackElo "2232"]
[WhiteFideId "1210319"]
[BlackFideId "13401858"]
[EventDate "2013.09.19"]

1. d4 Nf6 2. c4 e6 3. Nc3 c5 4. d5 exd5 5. cxd5 Bd6 6. Bg5 O-O 7. e3 Re8 8. Bd3
h6 9. Bh4 Bc7 10. Nge2 d6 11. O-O a6 12. a4 Nbd7 13. Rb1 Ba5 14. Bc2 Rb8 15. Na2
Qc7 16. b4 cxb4 17. Nxb4 Bxb4 18. Rxb4 Qc5 19. Rd4 b5 20. Qd2 b4 21. Rc1 b3 22.
Bxb3 Ne4 23. Qd3 f5 24. Rxc5 Ndxc5 25. Qc2 Nxb3 26. Rc4 Nec5 27. Nd4 Nxd4 28.
Rxd4 Bd7 29. h3 Rec8 30. Rc4 Nxa4 31. Bg3 Nb6 32. Rxc8+ Rxc8 33. Qb3 Nc4 34. Qb7
Nd2 35. f3 Rc1+ 36. Kf2 Bb5 37. Bxd6 Nf1 38. Be5 Rc2+ 39. Kg1 1-0

[Event "Baku Open 2013"]
[Site "Baku AZE"]
[Date "2013.09.22"]
[Round "4.21"]
[White "Kuderinov, Kirill"]
[Black "Omar, Noaman"]
[Result "1-0"]
[WhiteTitle "IM"]
[BlackTitle "IM"]
[WhiteElo "2480"]
[BlackElo "2362"]
[WhiteFideId "13701568"]
[BlackFideId "9300244"]
[EventDate "2013.09.19"]

1. d4 Nf6 2. c4 e6 3. Nf3 d5 4. Nc3 Be7 5. g3 O-O 6. Bg2 dxc4 7. O-O c5 8. dxc5
Nc6 9. Qa4 Qa5 10. Qxc4 Qxc5 11. Qxc5 Bxc5 12. Bf4 Bd7 13. Rac1 Be7 14. Ne5 Nxe5
15. Bxe5 Ng4 16. Bf4 e5 17. Nd5 Bd6 18. Bd2 Bc6 19. h3 Bxd5 20. Bxd5 Nf6 21. Bg2
e4 22. Be3 Be7 23. Bd4 Rfd8 24. e3 Rd7 25. Rc2 b6 26. Rfc1 Rad8 27. a4 Kf8 28.
Rc4 h6 29. g4 h5 30. gxh5 Bc5 31. Bxc5+ bxc5 32. Rxc5 Rd1+ 33. Rxd1 Rxd1+ 34.
Bf1 Rb1 35. Rb5 Ne8 36. Rb8 a5 37. Kg2 Ke7 38. Rb7+ Kf6 39. Rb6+ Ke7 40. Rb5 Nd6
41. Rxa5 Rxb2 42. Rc5 Kf6 43. a5 Nf5 44. Kg1 Rb1 45. a6 Ra1 46. Rc7 Nh4 47. a7
g5 48. hxg6 fxg6 49. Rc6+ Kg5 50. Ra6 Nf3+ 51. Kg2 Nh4+ 52. Kg3 Rxf1 53. Ra5+ 1-0

[Event "Baku Open 2013"]
[Site "Baku AZE"]
[Date "2013.09.22"]
[Round "4.22"]
[White "Aghayev, Miragha"]
[Black "Mirzoev, Azer"]
[Result "1-0"]
[WhiteTitle "FM"]
[BlackTitle "GM"]
[WhiteElo "2309"]
[BlackElo "2544"]
[WhiteFideId "818070"]
[BlackFideId "13400304"]
[EventDate "2013.09.19"]

1. e4 e5 2. Nf3 Nc6 3. d4 exd4 4. Nxd4 Bc5 5. Nb3 Bb6 6. Nc3 Nge7 7. Qe2 O-O 8.
Be3 d6 9. O-O-O f5 10. Bxb6 axb6 11. f4 fxe4 12. Qxe4 Bf5 13. Qc4+ Kh8 14. Be2
Qd7 15. g3 Be6 16. Qe4 d5 17. Qf3 d4 18. Rhe1 Nf5 19. Bb5 Bxb3 20. cxb3 Qc8 21.
Na4 Rf6 22. Kb1 Ne3 23. Rxe3 dxe3 24. Qxe3 Qe6 25. Qf3 Rff8 26. Bc4 Qh3 27. Nc3
Rad8 28. Bd5 Qf5+ 29. Be4 Rxd1+ 30. Qxd1 Qh3 31. Qe2 Re8 32. Qf2 Qd7 33. Qe2 Nd8
34. a3 c6 35. Ka2 Ne6 36. Qh5 Nf8 37. Bf5 Qd8 38. Bc2 Re3 39. Ne4 Qe7 40. Ng5 g6
41. Qd1 Qd7 42. Qf1 Kg7 43. Qf2 Qe7 44. h4 c5 45. f5 gxf5 46. Qxf5 Qd7 47. Qf4
Re7 48. Ne4 Qe6 49. Nd6 Rd7 50. Nf5+ Kh8 51. a4 Qf6 52. g4 Ng6 53. Qh6 Rf7 54.
g5 Qe5 55. h5 Nf8 56. g6 Rxf5 57. Bxf5 Qxf5 58. g7+ Kg8 59. gxf8=Q+ Qxf8 60.
Qxb6 Qe7 61. a5 Kf8 62. Ka3 Ke8 63. h6 Kf7 64. b4 cxb4+ 65. Qxb4 Qc7 66. Qc3 Qd8
67. b4 Kg6 68. Qg7+ Kh5 1-0

[Event "Baku Open 2013"]
[Site "Baku AZE"]
[Date "2013.09.22"]
[Round "4.23"]
[White "Mahdavirad, Mehdi"]
[Black "Nigalidze, Gaioz"]
[Result "0-1"]
[BlackTitle "IM"]
[WhiteElo "2252"]
[BlackElo "2508"]
[WhiteFideId "12502669"]
[BlackFideId "13603078"]
[EventDate "2013.09.19"]

1. Nf3 c5 2. c4 Nc6 3. g3 g6 4. Bg2 Bg7 5. Nc3 e6 6. O-O Nge7 7. d4 Nxd4 8. Nxd4
cxd4 9. Nb5 Qb6 10. e3 Nf5 11. Nxd4 Nxd4 12. exd4 Bxd4 13. Bh6 d6 14. Rb1 Rb8
15. b4 e5 16. c5 dxc5 17. bxc5 Qxc5 18. Qe2 Bd7 19. Rfd1 Ke7 20. Bxb7 Rhe8 21.
Qf3 f5 22. Rdc1 Qd6 23. Be3 Kf8 24. Rd1 Ba4 25. Rdc1 Re7 26. Bxd4 exd4 27. Rc4
Be8 28. Rbb4 d3 29. Rd4 Qe5 30. Kg2 0-1

[Event "Baku Open 2013"]
[Site "Baku AZE"]
[Date "2013.09.22"]
[Round "4.24"]
[White "Rzayev, Bahruz"]
[Black "Mammadova, Gulnar"]
[Result "1-0"]
[WhiteTitle "IM"]
[BlackTitle "WGM"]
[WhiteElo "2464"]
[BlackElo "2349"]
[WhiteFideId "13403036"]
[BlackFideId "13403508"]
[EventDate "2013.09.19"]

1. e4 e6 2. d4 d5 3. Nd2 Nf6 4. e5 Nfd7 5. Ngf3 c5 6. c3 Nc6 7. b3 f6 8. Bd3
fxe5 9. Nxe5 Ncxe5 10. dxe5 Nxe5 11. Qh5+ Nf7 12. O-O g6 13. Qe2 a6 14. f4 Qe7
15. c4 Bg7 16. Rb1 d4 17. Ba3 a5 18. Rbe1 Bf6 19. f5 gxf5 20. Bxf5 Bg5 21. Bd3
Be3+ 22. Kh1 Bxd2 23. Qxd2 b6 24. Be4 Ra7 25. Qe2 O-O 26. Bc1 Nd6 27. Qg4+ Qg7
28. Bh6 Rxf1+ 29. Rxf1 d3 30. Bxg7 Rxg7 31. Qf4 1-0

[Event "Baku Open 2013"]
[Site "Baku AZE"]
[Date "2013.09.22"]
[Round "4.28"]
[White "Iskandarov, Misratdin"]
[Black "Umudova, Nargiz"]
[Result "1-0"]
[WhiteTitle "IM"]
[BlackTitle "WIM"]
[WhiteElo "2406"]
[BlackElo "2256"]
[WhiteFideId "13400312"]
[BlackFideId "13402137"]
[EventDate "2013.09.19"]

1. e4 c6 2. Nc3 d5 3. d4 dxe4 4. Nxe4 Bf5 5. Ng3 Bg6 6. N1e2 e6 7. Nf4 Bd6 8.
Ngh5 Bxh5 9. Nxh5 g6 10. Ng3 Nf6 11. c3 Qc7 12. Qf3 Nbd7 13. Be2 h6 14. O-O Kf8
15. c4 Kg7 16. c5 Be7 17. Bf4 e5 18. dxe5 Nd5 19. Bc4 Nxf4 20. Qxf4 Nxe5 21.
Rae1 f6 22. b4 b6 23. Nh5+ gxh5 24. Qg3+ Kf8 25. Rxe5 fxe5 26. Qf3+ Ke8 27. Qf7+
Kd8 28. Be6 bxc5 29. Rd1+ Bd6 30. Qf6+ 1-0

[Event "Baku Open 2013"]
[Site "Baku AZE"]
[Date "2013.09.22"]
[Round "4.29"]
[White "Babayev, Talib"]
[Black "Abdulla, Khayala"]
[Result "1-0"]
[WhiteTitle "IM"]
[BlackTitle "WIM"]
[WhiteElo "2397"]
[BlackElo "2249"]
[WhiteFideId "13401432"]
[BlackFideId "13401807"]
[EventDate "2013.09.19"]

1. e4 c5 2. Nf3 e6 3. d4 cxd4 4. Nxd4 Nc6 5. Nb5 d6 6. c4 a6 7. N5c3 Nf6 8. Be2
Be7 9. O-O O-O 10. Be3 b6 11. f4 Bb7 12. Bf3 Rc8 13. Nd2 Na5 14. Qe2 d5 15. cxd5
exd5 16. Nxd5 Nxd5 17. exd5 Bxd5 18. Rfd1 Bxf3 19. Nxf3 Qc7 20. Qxa6 Bc5 21.
Bxc5 Qxc5+ 22. Kh1 Qb4 23. Rab1 Rc2 24. Qd3 Rc6 25. Ne5 Rh6 26. Qe3 Qe7 27. Rd7
Qh4 28. h3 Re6 29. Qf3 Rf6 30. Rd4 Re6 31. Rbd1 Qh6 32. Rd8 g5 33. Qa8 Rxe5 34.
fxe5 1-0

[Event "Baku Open 2013"]
[Site "Baku AZE"]
[Date "2013.09.22"]
[Round "4.30"]
[White "Darban, Morteza"]
[Black "Sevdimaliyev, Urfan"]
[Result "1/2-1/2"]
[WhiteTitle "IM"]
[BlackTitle "FM"]
[WhiteElo "2358"]
[BlackElo "2226"]
[WhiteFideId "12501816"]
[BlackFideId "13402463"]
[EventDate "2013.09.19"]

1. g3 g6 2. Bg2 d5 3. c4 Nf6 4. cxd5 Nxd5 5. Qb3 Nb6 6. Qc3 f6 7. d4 Bg7 8. Nf3
O-O 9. O-O Nc6 10. Nbd2 h6 11. b3 f5 12. Bb2 Kh7 13. Rad1 Be6 14. a3 Bd5 15. Qc2
Qe8 16. e3 Rd8 17. b4 a6 18. Rfe1 Kh8 19. Nh4 Bxg2 20. Kxg2 Qf7 21. Nhf3 Qd5 22.
Rc1 g5 23. Qb3 e5 24. Qxd5 Rxd5 25. dxe5 g4 26. Nd4 Bxe5 27. N2b3 Rf7 28. Re2
Nxd4 29. Bxd4 Bxd4 30. Nxd4 c6 31. h3 Rd6 32. Rec2 Nd5 33. Ne2 Kg7 34. hxg4 fxg4
35. Rc4 h5 36. Rd4 Rdf6 37. Nf4 Nxf4+ 38. gxf4 Rf5 39. Kg3 a5 40. Rc5 axb4 41.
axb4 Rxc5 42. bxc5 Rf5 43. Rc4 Rd5 44. f3 gxf3 45. Kxf3 Kg6 46. Rc1 Kf6 47. Ke2
Kf5 48. Kf3 Kf6 49. Rc2 Kg6 50. Rc4 Kf6 1/2-1/2

[Event "Baku Open 2013"]
[Site "Baku AZE"]
[Date "2013.09.22"]
[Round "4.31"]
[White "Bayramov, Vugar"]
[Black "Gagunashvili, Merab"]
[Result "0-1"]
[BlackTitle "GM"]
[WhiteElo "2245"]
[BlackElo "2585"]
[WhiteFideId "13400916"]
[BlackFideId "13601652"]
[EventDate "2013.09.19"]

1. d4 d6 2. Nf3 g6 3. Bf4 Bg7 4. e3 Nd7 5. Bc4 e6 6. O-O Ne7 7. c3 h6 8. e4 O-O
9. Nbd2 b6 10. Qe2 a6 11. Rad1 Bb7 12. Bb3 e5 13. dxe5 dxe5 14. Bg3 Nc6 15. Nc4
Qe8 16. Ne3 Nc5 17. Nd5 Rc8 18. Bc2 a5 19. Rfe1 f6 20. Nh4 h5 21. h3 Qf7 22. a3
a4 23. Bb1 Ba6 24. Qf3 Bc4 25. Bc2 Bh6 26. Nb4 Nd8 27. Nd5 Kh7 28. Ne3 Bb5 29.
Rd5 Nde6 30. Qd1 Rcd8 31. Qb1 Bc6 32. Red1 Rfe8 33. Qa2 Nf4 34. Qc4 Bxd5 35.
Nxd5 Nxd5 36. exd5 f5 37. Nf3 f4 38. Bh4 e4 39. Ng5+ Bxg5 40. Bxg5 Re5 41. h4 c6
42. Qb4 cxd5 43. Qxb6 Ne6 44. Qc6 Qf5 45. f3 Nxg5 46. hxg5 Rf8 47. c4 Qxg5 48.
Rxd5 Rxd5 49. Qxd5 Qxd5 50. cxd5 exf3 51. Bxa4 fxg2 52. Kxg2 Kg7 53. Bc6 Kf6 54.
d6 Rd8 55. d7 Ke6 0-1

[Event "Baku Open 2013"]
[Site "Baku AZE"]
[Date "2013.09.22"]
[Round "4.33"]
[White "Mikheev, Stanislav"]
[Black "Mamedjarova, Zeinab"]
[Result "1-0"]
[WhiteTitle "IM"]
[BlackTitle "WGM"]
[WhiteElo "2259"]
[BlackElo "2268"]
[WhiteFideId "4135920"]
[BlackFideId "13401521"]
[EventDate "2013.09.19"]

1. d4 d5 2. c4 e6 3. Nf3 c6 4. Qc2 f5 5. Bf4 Nf6 6. e3 Be7 7. Bd3 O-O 8. Nc3 Ne4
9. h3 b6 10. Ne5 Bb7 11. O-O-O Nd7 12. f3 Nxc3 13. bxc3 c5 14. g4 cxd4 15. exd4
Bg5 16. Qd2 Nxe5 17. dxe5 Bxf4 18. Qxf4 Qh4 19. Qe3 f4 20. Qe2 Rac8 21. Kb2 Rc5
22. Rd2 Rfc8 23. Rhd1 Qe7 24. cxd5 Bxd5 25. c4 Bc6 26. Bc2 b5 27. cxb5 Rxb5+ 28.
Bb3 Qc5 29. Rc2 Qb6 30. Rd6 a5 31. Qc4 a4 32. Qxe6+ 1-0

[Event "Baku Open 2013"]
[Site "Baku AZE"]
[Date "2013.09.22"]
[Round "4.34"]
[White "Javakhishvili, Lela"]
[Black "Nasri, Amin"]
[Result "1-0"]
[WhiteTitle "IM"]
[WhiteElo "2459"]
[BlackElo "2347"]
[WhiteFideId "13601458"]
[BlackFideId "12501972"]
[EventDate "2013.09.19"]

1. d4 Nf6 2. c4 e6 3. Nf3 Bb4+ 4. Nbd2 b6 5. a3 Bxd2+ 6. Qxd2 Bb7 7. e3 O-O 8.
Be2 d6 9. O-O Nbd7 10. b4 Ne4 11. Qc2 f5 12. Bb2 Qe7 13. d5 e5 14. Nd2 b5 15.
Nxe4 fxe4 16. cxb5 Nf6 17. Rad1 Rab8 18. Qb3 Qf7 19. f4 Bxd5 20. Qc3 Rfe8 21.
Rc1 Re7 22. fxe5 dxe5 23. Qc5 Ra8 24. Rf5 Rae8 25. Rcf1 Qg6 26. Qxa7 Be6 27.
R5f2 Bc8 28. Qc5 h5 29. a4 Kh7 30. a5 Ng4 31. Bxg4 Bxg4 32. a6 h4 33. a7 Rd7 34.
Qc6 1-0